| 000 | 00369nam a2200133Ia 4500 | ||
|---|---|---|---|
| 008 | 230125s9999 xx 000 0 und d | ||
| 041 | _aeng | ||
| 082 |
_a658.018 _bTAT |
||
| 100 |
_aTatke J _9115773 |
||
| 245 | _aResearch Methodology | ||
| 260 |
_c2010 _bSymbiosis centre for distance learning _aPune |
||
| 300 | _a376p | ||
| 700 |
_aTatke J & Nandini Madan, Donor _9115774 |
||
| 999 |
_c93585 _d93585 |
||